Thiết kế nhà ở

Gồm: Các bộ phận tạo thành nhà ở; Thiết kế các loại hình nhà; Quy hoạch khu nhà ở.

Сохранить в:
Библиографические подробности
Главный автор: Trần, Xuân Đỉnh
Формат:
Язык:Undetermined
Опубликовано: Hà Nội Xây dựng 2012
Предметы:
Метки: Добавить метку
Нет меток, Требуется 1-ая метка записи!
Thư viện lưu trữ: Trung tâm Học liệu Trường Đại học Cần Thơ
LEADER 00782nam a2200217Ia 4500
001 CTU_169120
008 210402s9999 xx 000 0 und d
020 |c 95000 
082 |a 728.37 
082 |b Đ312 
100 |a Trần, Xuân Đỉnh 
245 0 |a Thiết kế nhà ở 
245 0 |c Trần Xuân Đỉnh 
260 |a Hà Nội 
260 |b Xây dựng 
260 |c 2012 
520 |a Gồm: Các bộ phận tạo thành nhà ở; Thiết kế các loại hình nhà; Quy hoạch khu nhà ở. 
650 |a Architect-designed houses,Architects,Thiết kế nhà ở,Kiến trúc 
650 |x Homes and haunts,Nhà ở 
904 |i Trọng Hiếu 
980 |a Trung tâm Học liệu Trường Đại học Cần Thơ